Normal view
MARC view
- Constitutional law
Entry Topical Term
001 - CONTROL NUMBER
- control field: 128563
003 - CONTROL NUMBER IDENTIFIER
- control field: NUST
005 - DATE AND TIME OF LATEST TRANSACTION
- control field: 20250328093857.0
008 - FIXED-LENGTH DATA ELEMENTS
- fixed length control field: 250328|| aca||aabn | a|a d
040 ## - CATALOGING SOURCE
- Original cataloging agency: NUST
- Transcribing agency: NUST
150 ## - HEADING--TOPICAL TERM
- Topical term or geographic name entry element: Constitutional law
- Geographic subdivision: Great Britain
- Form subdivision: Cases
670 ## - SOURCE DATA FOUND
- Source citation: Work cat.: (NUST)0: Thompson, Brian, 1955- author. 85545, Cases & materials on constitutional & administrative law /
